Filme mit Tieren im Titel #1 - Statistiken

Allgemein
  • Dieses Quiz wurde 690 mal gespielt
    178 seit der letzten Aktualisierung
  • Das Durchschnittsergebnis liegt bei 16 aus 24
Antwortstatistiken
Tier % Korrekt
Planet der {Affen}
99%
Die {Biene} Maja
98%
101 {Dalmatiner}
91%
Alvin und die {Chipmunks}
88%
Das Schweigen der {Lämmer}
88%
Der rosarote {Panther}
88%
Bernard und Bianca – Die {Mäuse}polizei
82%
Der {Pferde}flüsterer
78%
Der mit dem {Wolf} tanzt
77%
Vorstadt{krokodile}
75%
Der weiße {Hai}
74%
Charlie – Alle {Hunde} kommen in den Himmel
72%
Zweiohr{küken}
72%
Ein flog über das {Kuckuck}snest
70%
Als Hitler das rosa {Kaninchen} stahl
65%
Ein {Fisch} namens Wanda
56%
Wie ein wilder {Stier}
54%
Das Krokodil und sein {Nilpferd}
49%
Die {Bären / Kühe} sind los
46%
Ein {Vogel} auf dem Drahtseil
43%
Der {Adler} der neunten Legion
38%
G.I. Joe – Geheimauftrag {Cobra}
32%
Der Fluch der gelben {Schlange}
23%
Die Reise der {Pinguine}
22%
Keine übereinstimmenden Quizze gefunden
Verteilung der Resultate
Anzahl Personen mit jedem Resultat
Perzentil nach korrekt beantworteten Fragen
Ihre Resultats-Entwicklung
Sie haben dieses Quiz seit der letzten Aktualisierung nicht gespielt